000 00594nam a2200229Ia 4500
003 OSt
005 20220928114709.0
006 a|||||r|||| 00| 0
007 ta
008 220927b |||||||| |||| 00| 0 eng d
024 _a51848
037 _cTextual
040 _aSDCL
_cSDCL
_beng
041 _2eng
_aeng
082 _aV55:24'N, L4
100 _aGoldman Guido
_9440382
245 0 _aGerman political system.
260 _aNew York
_b Random house
_c1974
300 _ax,228p.
_ccm.
942 _hV55:24'N, L4
_cTEXL
_2CC
999 _c755971
_d755971